| 000 | 00599 a2200193 4500 | ||
|---|---|---|---|
| 001 | 066603 | ||
| 003 | OSt | ||
| 005 | 20211004114008.0 | ||
| 008 | |||
| 082 |
_a005.133 _bC62P |
||
| 100 | 1 | _aClocksin, William F. | |
| 245 | 1 |
_aProgramming in prolog _cby William F. Clocksin and C.S. Mellish |
|
| 250 | _a4th ed. | ||
| 260 |
_aNew York _bSpringer _c2004 |
||
| 300 | _a299p. | ||
| 690 | _aProlog (Computer program language); Artificial intelligence; Computer science; Logic design; Data structures (Computer science) | ||
| 700 | _aMellish, C.S. | ||
| 942 |
_2ddc _cBK |
||
| 999 |
_c643 _d643 |
||